Kazi Nazrul Islam : selections. Volume 1 /

Detaylı Bibliyografya
Yazar: Zaman, Niaz
Materyal Türü: Kitap
Dil:English
Baskı/Yayın Bilgisi: Dhaka : Writers.ink, 2020.
Konular:
Classic Catalogue: View this record in Classic Catalogue
LEADER 01165nam a22002897a 4500
001 45328
003 BD-DhAAL
005 20260205172742.0
008 260205t2020 bg ||||| |||| 00| 0 eng d
020 |a 9789848715277 
040 |a BD-DhAAL  |c BD-DhAAL 
082 |a 891.4416 
100 |a Zaman, Niaz. 
245 |a Kazi Nazrul Islam :  |b selections.  |p Volume 1 /  |c edited by Niaz Zaman. 
260 |a Dhaka :  |b Writers.ink,  |c 2020. 
300 |a xii, 248 pages ;  |c 22 cm 
362 |a Vol. 1 
526 |a ENH  |x Sabreena Ahmed, PhD Associate Professor Department of English and Humanities 
541 |a Hye Trade International  |e 45328 
600 |a Nazrul Islam,  |c Kazi,  |d 1899-1976. 
650 |a Poets, Bengali  |y 20th century. 
650 |a Poets, Bengali. 
650 |a Bengali poetry. 
650 |a Bengali literature. 
942 |2 ddc  |c BK 
999 |c 47681  |d 47681 
952 |0 0  |1 0  |2 ddc  |4 0  |6 891_441600000000000_ZAM  |7 0  |9 78751  |a BRACUL  |b BRACUL  |c NEW  |d 2026-01-29  |e Hye Trade International  |g 560.00  |l 0  |o 891.4416 ZAM  |p 3010045328  |r 2026-01-29  |t 1  |v 1120.00  |w 2026-01-29  |y BK  |x Requisitioned by Sabreena Ahmed, PhD (Associate Professor, Department of English and Humanities, BRAC University)